[Event "South America-ch U20 13th"]
[Site "Manta"]
[Date "2017.04.26"]
[Round "3"]
[White "Lema, Mao"]
[Black "Matute Moncada, Israel"]
[Result "1/2-1/2"]
[WhiteElo "1476"]
[BlackElo "1713"]
[PlyCount "43"]
[EventDate "2017.04.25"]
[EventType "swiss"]
[EventRounds "9"]
[EventCountry "ECU"]
[SourceTitle "CBM 178 Extra"]
[Source "ChessBase"]
[SourceDate "2017.06.22"]
[SourceVersion "1"]
[SourceVersionDate "2017.06.22"]
[SourceQuality "1"]

1. d4 e6 2. Nf3 f5 3. c4 Nf6 4. Nc3 d5 5. e3 c6 6. Bd2 Bd6 7. Rc1 Nbd7 8. cxd5 exd5 9. Bd3 Ne4 10. a3 a5 11. Ne2 Qe7 12. Ng3 0-0 13. 0-0 Ndf6 14. Ne1 Nxd2 15. Qxd2 Ne4 16. Bxe4 fxe4 17. f4 exf3 18. gxf3 Bh3 19. Ng2 Bxg3 20. hxg3 Qg5 21. Qf2 Rae8 22. Rfe1 1/2-1/2